[Event "Cto de Aragon  Equipos Cat Preferente"]
[Site "Aragon"]
[Date "2010.03.20"]
[Round "9.43"]
[White "Serrano San Nicolas Angel"]
[Black "Labrador Postigo Francisco Manuel"]
[Result "0-1"]
[WhiteElo "1865"]
[BlackElo "1906"]

1.e4 c5 2.Nf3 d6 3.b4 cxb4 4.d4 Nf6 5.Bd3 Qc7 6.a3 Nc6 7.d5 Ne5 8.Nxe5 dxe5 9.
axb4 e6 10.c3 Be7 11.O-O O-O 12.dxe6 Bxe6 13.Qe2 Rfd8 14.Re1 a6 15.Bb2 Rd7 16.
Bb5 Rdd8 17.Bd3 Rac8 18.Na3 Rd7 19.Rad1 Rcd8 20.Bc2 Qc6 21.Rxd7 Rxd7 22.h3 g6
23.Kh2 h5 24.Qe3 Nh7 25.g3 Bg5 26.f4 exf4 27.gxf4 Bh4 28.Re2 Nf6 29.Rg2 Qc7
30.Kh1 b5 31.Nb1 Qd8 32.Nd2 Bxh3 33.Qxh3 Rxd2 34.Qxh4 Rxc2 35.Qe1 Qd3 36.Rxc2
Qxc2 37.Qc1 Qxe4+ 38.Kg1 Qe2 0-1

[Event "Cto de Aragon  Equipos Cat Preferente"]
[Site "Aragon"]
[Date "2010.03.20"]
[Round "9.44"]
[White "Gimeno Garcia David"]
[Black "Juni Pardos Marcos"]
[Result "1/2-1/2"]
[WhiteElo "1515"]
[BlackElo "1820"]

1.d4 d5 2.Nf3 Nf6 3.c4 c6 4.Nc3 e6 5.Bg5 Be7 6.e3 O-O 7.Rc1 Nbd7 8.Bd3 h6 9.
Bh4 dxc4 10.Bxc4 b5 11.Bd3 a6 12.O-O Bb7 13.Bb1 Rc8 14.Qc2 c5 15.Ne5 cxd4 16.
Nxd7 Qxd7 17.Bxf6 d3 18.Qxd3 Qxd3 19.Bxd3 Bxf6 20.Rfd1 b4 21.Na4 Rxc1 22.Rxc1
Rc8 23.Rxc8+ Bxc8 24.b3 a5 25.Kf1 Kf8 26.Nb6 Bb7 27.Nd7+ Ke7 28.Nxf6 Kxf6 29.
f3 Bc6 30.Ke2 Ke5 31.Ba6 Kd6 32.Kd3 Kc5 33.e4 e5 34.g3 g5 35.Ke3 f6 36.Bd3 Bd7
37.Bc4 Bc8 38.Bd5 Bd7 39.Bc4 Bc8 40.h4 Bd7 41.Be2 Be6 42.h5 Bd7 43.Bc4 Be8 44.
g4 1/2-1/2

[Event "Cto de Aragon  Equipos Cat Preferente"]
[Site "Aragon"]
[Date "2010.03.20"]
[Round "9.48"]
[White "Sanchez Moreno Jose Carlos"]
[Black "Andreu Sin Raul"]
[Result "1/2-1/2"]
[WhiteElo "2001"]
[BlackElo "2053"]

1.e4 e5 2.Nf3 Nc6 3.d4 exd4 4.Nxd4 Bc5 5.Be3 Bb6 6.Nc3 d6 7.Bc4 Nf6 8.O-O O-O
9.Qd2 Nxd4 10.Bxd4 Bxd4 11.Qxd4 Nd7 12.Rfe1 Qf6 13.Qxf6 Nxf6 1/2-1/2

[Event "Cto de Aragon  Equipos Cat Preferente"]
[Site "Aragon"]
[Date "2010.03.20"]
[Round "9.49"]
[White "Carruez Berges Santiago"]
[Black "Antonano Fernandez Avelino"]
[Result "0-1"]
[WhiteElo "2120"]
[BlackElo "2137"]

1.Nf3 e6 2.g3 f5 3.Bg2 Nf6 4.O-O Be7 5.d3 O-O 6.Nc3 d5 7.e4 Kh8 8.exf5 exf5 9.
Re1 Nc6 10.Bf4 d4 11.Nb5 Nd5 12.Bd2 Bf6 13.h4 a6 14.Na3 f4 15.Nc4 Bg4 16.gxf4
Bxh4 17.Re4 Nf6 18.Re1 Nh5 19.Qc1 Bxf3 20.Bxf3 Bxf2+ 21.Kxf2 Qh4+ 22.Ke2 Nxf4+
23.Bxf4 Rae8+ 24.Be4 Qg4+ 0-1

[Event "Cto de Aragon  Equipos Cat Preferente"]
[Site "Aragon"]
[Date "2010.03.20"]
[Round "9.50"]
[White "Juberias Segura Santiago"]
[Black "Temprano L"]
[Result "0-1"]
[WhiteElo "2111"]
[BlackElo "2087"]

1.c4 e5 2.g3 f5 3.Bg2 Nf6 4.Nc3 d6 5.d3 Be7 6.e3 O-O 7.Nge2 a5 8.O-O Na6 9.Rb1
Rb8 10.a3 Nc5 11.b4 axb4 12.axb4 Ne6 13.Nd5 Bd7 14.f4 c6 15.Nxe7+ Qxe7 16.fxe5
dxe5 17.Rxf5 Nf4 18.Rxf4 exf4 19.Nxf4 g5 20.Nh3 Ng4 21.Qe2 Rf7 22.Bd2 Rbf8 23.
Rf1 Rxf1+ 24.Bxf1 Ne5 25.Bg2 Bg4 26.Qe1 Bxh3 0-1

[Event "Cto de Aragon  Equipos Cat Preferente"]
[Site "Aragon"]
[Date "2010.03.20"]
[Round "9.51"]
[White "Tirapo Larcuen Ana"]
[Black "Gonzalvo Lara Victor"]
[Result "1-0"]
[WhiteElo "1887"]
[BlackElo "2099"]

1.g3 g6 2.Bg2 Bg7 3.Nf3 d5 4.d3 Nf6 5.Nbd2 O-O 6.O-O d4 7.a4 a5 8.Nc4 Nc6 9.e4
dxe3 10.fxe3 Bg4 11.Qe1 Nd5 12.c3 e5 13.e4 Nde7 14.Qe2 Nc8 15.Be3 Nd6 16.Nxd6
Qxd6 17.h3 Be6 18.Ng5 Rad8 19.Nxe6 Qxe6 20.Bc5 Rfe8 21.Qf3 Rd7 22.Kh2 Red8 23.
Rad1 Qb3 24.Rf2 b6 25.Ba3 Re8 26.h4 Nd8 27.Bh3 Ne6 28.h5 c5 29.Kg2 Qxa4 30.
hxg6 hxg6 31.Rdf1 Qc6 32.Bxe6 Qxe6 33.b4 axb4 34.cxb4 Qb3 35.Bc1 cxb4 36.Qg4
Qe6 37.Qh4 b3 38.Rh1 Kf8 39.Ba3+ Kg8 40.Qh7# 1-0

[Event "Cto de Aragon  Equipos Cat Preferente"]
[Site "Aragon"]
[Date "2010.03.20"]
[Round "9.52"]
[White "Solanas Godes Beatriz"]
[Black "Larrosa Moles Marcos"]
[Result "0-1"]
[WhiteElo "1799"]
[BlackElo "1874"]

1.e4 c5 2.d4 cxd4 3.Qxd4 Nc6 4.Qd1 e6 5.Nf3 Nf6 6.Nc3 Bc5 7.Bd3 d6 8.a3 O-O 9.
Na4 b6 10.b4 Bd4 11.Nxd4 Nxd4 12.c3 Nc6 13.f4 Bb7 14.O-O e5 15.f5 d5 16.exd5
Qxd5 17.Qe2 Ne7 18.Bc4 Qe4 19.Qxe4 Bxe4 20.Re1 Nxf5 21.Nb2 Rac8 22.Bg5 Nd6 23.
Bxf6 gxf6 24.Bd3 Bxd3 25.Nxd3 Rxc3 26.Nf2 Rc4 27.Rad1 Nb5 28.Ne4 Rc6 29.a4 Nd4
30.Nf2 Rfc8 31.Nd3 Rc4 32.Rb1 Rc2 33.a5 Rd2 34.Nxe5 fxe5 35.Rxe5 Rcc2 36.Rg5+
Kf8 37.axb6 axb6 38.Ra1 Ne2+ 39.Kf1 Rc1+ 40.Rxc1 Nxc1 41.Rg4 Na2 42.Rc4 Rb2
43.Rc8+ Kg7 44.b5 Rxb5 45.Rc2 Nb4 46.Rb2 Rf5+ 47.Ke2 Rf2+ 48.Kxf2 Nd3+ 0-1

[Event "Cto de Aragon  Equipos Cat Preferente"]
[Site "Aragon"]
[Date "2010.03.20"]
[Round "9.53"]
[White "Horton Justin"]
[Black "Lucea Valero Alejandro"]
[Result "1-0"]
[WhiteElo "2106"]
[BlackElo "1982"]

1.d4 Nf6 2.Nf3 g6 3.c4 Bg7 4.g3 d6 5.Bg2 O-O 6.O-O c6 7.Nc3 Qb6 8.e4 Bg4 9.b3
Nbd7 10.Be3 Qa5 11.Qd2 Bxf3 12.Bxf3 Rfd8 13.Rac1 e5 14.d5 c5 15.Bg5 a6 16.Qe2
Rdb8 17.Bd2 Qd8 18.Rc2 Ne8 19.Bg4 Nc7 20.a4 a5 21.Na2 b6 22.h4 h5 23.Bh3 Kh7
24.Bg5 f6 25.Be3 Qe7 26.Rd2 Bh6 27.Bxh6 Kxh6 28.Qe3+ Kg7 29.Nc3 Rf8 30.Ne2
Rad8 31.Re1 Kh7 32.Qd3 Rf7 33.Kh2 Rdf8 34.Nc3 Kg7 35.Be6 Nxe6 36.dxe6 Qxe6 37.
Qxd6 {ilegible} 1-0

[Event "Cto de Aragon  Equipos Cat Preferente"]
[Site "Aragon"]
[Date "2010.03.20"]
[Round "9.54"]
[White "Garcia Lopez Alberto Jose"]
[Black "Abos Rosico Antonio"]
[Result "0-1"]
[WhiteElo "1971"]
[BlackElo "2047"]

1.Nf3 d5 2.g3 Nf6 3.Bg2 Bf5 4.d3 e6 5.c4 Bd6 6.Nc3 c6 7.O-O O-O 8.Re1 Bg6 9.e4
Bc7 10.exd5 cxd5 11.cxd5 exd5 12.Bg5 Nc6 13.Bxf6 gxf6 14.Nh4 d4 15.Nd5 Ba5 16.
Nxg6 hxg6 17.Re2 Kg7 18.a3 Bb6 19.f4 Re8 20.Rxe8 Qxe8 21.Nxb6 axb6 22.Qf3 Qe6
23.Rc1 Re8 24.Kf2 Qb3 25.Qd1 Qxb2+ 26.Rc2 Qxa3 27.Bxc6 bxc6 28.Rxc6 Re3 29.
Rxb6 Qa2+ 30.Kg1 Re2 31.Qf1 Qd2 32.Rb1 Qe3+ 33.Kh1 Qxd3 34.Rd1 Qe4+ 35.Kg1 d3
0-1

[Event "Cto de Aragon  Equipos Cat Preferente"]
[Site "Aragon"]
[Date "2010.03.20"]
[Round "9.55"]
[White "Perez Puyal Jose Joaquin"]
[Black "Minguez Guinda Andres"]
[Result "0-1"]
[WhiteElo "1909"]
[BlackElo "1896"]

1.e4 c5 2.Nc3 Nc6 3.f4 e6 4.Nf3 Nge7 5.Bb5 a6 6.Bxc6 bxc6 7.d3 d5 8.O-O g6 9.
Qe1 Bg7 10.Kh1 O-O 11.Qh4 f6 12.Na4 c4 13.Bd2 c5 14.b3 Qc7 15.Qf2 d4 16.bxc4
e5 17.fxe5 fxe5 18.Qh4 h5 19.Bg5 Nc6 20.Nxc5 Qd6 21.Nb3 Bg4 22.Nbd2 Rf7 23.h3
Be6 24.Rab1 Qa3 25.Rb6 Bd7 26.Rfb1 Qxa2 27.R6b2 Qa3 28.Nb3 Rb8 29.Bc1 Qf8 30.
Nbd2 Rxb2 31.Rxb2 Bh6 32.Qe1 g5 33.Nb3 g4 34.Bxh6 Qxh6 35.Qd2 Qe3 36.Ng5 Rf1+
0-1

[Event "Cto de Aragon  Equipos Cat Preferente"]
[Site "Aragon"]
[Date "2010.03.20"]
[Round "9.56"]
[White "Buil Montanes Carlos"]
[Black "Yanez Acin Gonzalo"]
[Result "1/2-1/2"]
[WhiteElo "1895"]
[BlackElo "1895"]

1.d4 Nf6 2.Nf3 d5 3.c4 c6 4.Nc3 e6 5.Bg5 Be7 6.e3 O-O 7.Rc1 Re8 8.Bd3 Nbd7 9.
O-O Nf8 10.Ne5 dxc4 11.Bxc4 Nd5 12.Bxe7 Qxe7 13.Ne4 Bd7 14.a3 Red8 15.Qe2 Be8
16.Rfd1 Nb6 17.Bb3 Rac8 18.Nc5 Rc7 19.Qg4 Nbd7 20.Nf3 Nxc5 21.Rxc5 Bd7 22.Qg3
Bc8 23.Ne5 Ng6 24.Rdc1 Nxe5 25.Qxe5 Qd6 26.Qxd6 Rxd6 27.Bd1 b6 28.R5c3 Kf8 29.
Bf3 Bb7 30.b4 b5 31.a4 a6 32.axb5 axb5 33.Rc5 Rc8 34.Ra1 Ra8 1/2-1/2

[Event "Cto de Aragon  Equipos Cat Preferente"]
[Site "Aragon"]
[Date "2010.03.20"]
[Round "9.57"]
[White "Cebollada Pacheco Jesus Raul"]
[Black "Salamero Pelay Fernando"]
[Result "0-1"]
[WhiteElo "1989"]
[BlackElo "2131"]

1.e4 g6 2.d4 Bg7 3.c4 d6 4.Nc3 Nf6 5.Be2 O-O 6.Nf3 e5 7.dxe5 dxe5 8.Qxd8 Rxd8
9.Bg5 Re8 10.Rd1 Na6 11.h3 Nc5 12.Nd2 Ne6 13.Be3 Nd4 14.Bd3 Be6 15.Nb3 Rad8
16.Bxd4 exd4 17.Nb5 Nxe4 18.Nxc7 Re7 19.Nxe6 Rxe6 20.O-O b6 21.Bxe4 Rxe4 22.
Nc1 a6 23.Nd3 Rc8 24.Rc1 Re2 25.Rfd1 Bh6 26.Kf1 Re6 27.Rc2 a5 28.a4 f5 29.Re1
Re4 30.f3 Re3 31.Rxe3 Bxe3 32.b3 Kf7 33.Re2 Kf6 34.g3 g5 35.Kg2 h5 36.Rc2 Ke6
37.Kf1 g4 38.hxg4 fxg4 39.f4 Kf5 40.Rh2 Ke4 41.Ke2 Rh8 42.Rh1 Rh7 43.Rh4 Rh8
44.Rh1 Rh7 45.Rh4 Rh6 46.Rh1 h4 47.Ne5 hxg3 48.Rxh6 g2 49.Nd3 0-1

[Event "Cto de Aragon  Equipos Cat Preferente"]
[Site "Aragon"]
[Date "2010.03.20"]
[Round "9.58"]
[White "Gella Bitrian Diego"]
[Black "Garcia Andres Daniel"]
[Result "1/2-1/2"]
[WhiteElo "1950"]
[BlackElo "1980"]

1.e4 e5 2.Bc4 Nf6 3.d3 Nc6 4.Nc3 Na5 5.Nge2 Nxc4 6.dxc4 Bc5 7.f3 a6 8.Bg5 h6
9.Bh4 c6 10.Qd3 b5 11.O-O-O Rb8 12.cxb5 axb5 13.Bg3 Qe7 14.f4 Ra8 15.fxe5 Ng4
16.Nd4 b4 17.Nce2 Nxe5 18.Qb3 Ba6 19.Nf5 Qf6 20.Rhf1 O-O 21.Rde1 d5 22.exd5
Qg5+ 23.Kd1 Bc4 24.Bh4 Bxb3 25.Bxg5 Bxd5 26.Ne7+ Kh7 27.Nxd5 hxg5 28.Nc1 Nc4
29.Nb3 Ba7 30.Ne7 Ne3+ 31.Rxe3 Bxe3 32.Rf3 Rad8+ 33.Ke2 g6 34.Rxe3 Rd6 35.Na5
Rfd8 36.Nc4 Rf6 37.Ne5 Rdd6 38.Nc8 Rd5 39.Nb6 Ra5 40.a4 bxa3 41.bxa3 Kg7 42.
Nbc4 Rc5 43.a4 Rf4 44.Kd3 f6 45.g3 Rf1 46.Ng4 Ra1 47.a5 Ra4 48.Re4 f5 49.Re7+
Kf8 50.Rc7 Raxc4 51.Nf6 Rc3+ 52.Kd4 R5c4+ 53.Ke5 Rc5+ 54.Kd6 Rxa5 55.Nh7+ Kg8
56.Nf6+ Kf8 57.Nh7+ Kg8 58.Nf6+ Kf8 1/2-1/2

[Event "Cto de Aragon  Equipos Cat Preferente"]
[Site "Aragon"]
[Date "2010.03.20"]
[Round "9.59"]
[White "Lafarga Bueno Daniel"]
[Black "Bellosta Lopez Pablo"]
[Result "0-1"]
[WhiteElo "1840"]
[BlackElo "1892"]

1.e4 c5 2.Nf3 d6 3.d4 Nf6 4.Nc3 cxd4 5.Nxd4 a6 6.f3 e5 7.Nb3 Be6 8.Be3 Nbd7 9.
Qd2 b5 10.O-O-O Rc8 11.g4 Nb6 12.g5 Nfd7 13.f4 b4 14.Nb1 exf4 15.Bxf4 Bxb3 16.
axb3 Nc5 17.Qe3 Be7 18.e5 d5 19.h4 d4 20.Qf3 d3 21.Rxd3 Nxd3+ 22.Bxd3 Nd5 23.
Bc4 Nxf4 24.Qxf4 O-O 25.Nd2 a5 26.Rg1 Qb6 27.Qg4 Bc5 28.Rg2 Be3 29.Qe4 Rfd8
30.Bd3 g6 31.h5 Rxd3 32.Qxd3 Rd8 33.Qc4 Bxd2+ 0-1

[Event "Cto de Aragon  Equipos Cat Preferente"]
[Site "Aragon"]
[Date "2010.03.20"]
[Round "9.60"]
[White "Gomez Zazurca Rodolfo"]
[Black "Lahoz Barragan Andres"]
[Result "0-1"]
[WhiteElo "1881"]
[BlackElo "1664"]

1.e4 c5 2.Nc3 d6 3.f4 a6 4.Nf3 Nd7 5.g3 g6 6.Bg2 Bg7 7.O-O e6 8.d3 Ne7 9.a4
Rb8 10.Qe2 b5 11.axb5 axb5 12.f5 O-O 13.Bg5 f6 14.fxg6 Nxg6 15.Bh3 fxg5 16.
Bxe6+ Kh8 17.Ra7 Nge5 18.Nxe5 Nxe5 19.Ba2 Rxf1+ 20.Qxf1 Qf6 21.Qxf6 Bxf6 22.
Nd5 Bd8 23.Kg2 Nc6 24.Rf7 Be6 25.Rf2 Kg7 26.c3 Bxd5 27.Bxd5 Ne5 28.d4 Nc4 29.
Rf7+ Kg6 30.Kf3 cxd4 31.cxd4 Bf6 32.Ra7 0-1

[Event "Cto de Aragon  Equipos Cat Preferente"]
[Site "Aragon"]
[Date "2010.03.20"]
[Round "9.61"]
[White "Neila Castillo Miguel Angel"]
[Black "Ansola Marquinez Alberto"]
[Result "1-0"]
[WhiteElo "2079"]
[BlackElo "2147"]

1.Nf3 e6 2.g3 f5 3.Bg2 Nf6 4.c4 Be7 5.O-O O-O 6.Nc3 d6 7.b4 e5 8.d3 a5 9.b5
Nbd7 10.Rb1 Qe8 11.Na4 Qh5 12.c5 Nxc5 13.Nxc5 dxc5 14.Nxe5 Be6 15.Bxb7 Rab8
16.Bg2 Ng4 17.Nxg4 fxg4 18.e4 Bxa2 19.Ra1 Qf7 20.Qa4 Bb3 21.Qxa5 Bf6 22.Ra3
Bd4 23.Be3 Bb2 24.Rxb3 Qxb3 25.Bxc5 Rfd8 26.Qxc7 Qxb5 27.d4 Bxd4 28.Bxd4 Rxd4
29.e5 Qb6 30.Qe7 Qb4 31.Qe6+ Kh8 32.Qf7 Qf8 33.Bd5 Qxf7 34.Bxf7 Re4 35.e6 g6
36.Rc1 Kg7 37.Kg2 Re2 38.Rc4 h5 39.Rf4 Re5 40.Rc4 Re1 41.h3 gxh3+ 42.Kxh3 Rbb1
43.Rc7 Kf6 44.Bg8 g5 45.g4 Rb3+ 46.Kg2 hxg4 47.Rf7+ Kg6 48.Bh7+ Kh6 49.Bc2
Rg3+ 50.Kxg3 Re3+ 51.fxe3 1-0

[Event "Cto de Aragon  Equipos Cat Preferente"]
[Site "Aragon"]
[Date "2010.03.20"]
[Round "9.62"]
[White "Garcia Asenjo Antonio"]
[Black "Dominguez Luzon Fernando"]
[Result "0-1"]
[WhiteElo "2023"]
[BlackElo "2069"]

1.e4 c5 2.Nf3 d6 3.d4 cxd4 4.Nxd4 Nf6 5.Nc3 e6 6.Be2 Be7 7.O-O a6 8.Be3 O-O 9.
f4 Qc7 10.Bf3 Nc6 11.Qd2 Bd7 12.Nb3 b5 13.e5 dxe5 14.fxe5 Nxe5 15.Bxa8 Nc4 16.
Qe2 Rxa8 17.Bf4 e5 18.Bg3 Bg4 19.Qf2 Nxb2 20.Nd5 Qa7 21.Nxe7+ Qxe7 22.Rae1 Nc4
23.h3 Bh5 24.Nd4 Qc5 25.Nf5 Qxf2+ 26.Rxf2 Re8 27.Ne3 Nxe3 28.Rxe3 e4 29.Rd2
Bg6 30.Bh4 Nh5 31.Rd6 f5 32.g4 Nf4 33.Rxa6 Nd5 34.Rb3 f4 35.Rd6 Ne3 36.Bg5
Nxc2 37.Bxf4 e3 38.Bxe3 Rxe3 39.Rxb5 Rxh3 40.Rb8+ Kf7 41.Rb7+ Ke8 42.Ra6 Rd3
43.Raa7 Kf8 44.Rb8+ Be8 45.Raa8 Re3 46.a4 Kf7 47.a5 Nd4 48.Ra7+ Kf6 49.Rb6+
Kg5 50.Rxg7+ Kf4 51.Rf6+ Kg3 52.Rf1 Ne2+ 0-1

[Event "Cto de Aragon  Equipos Cat Preferente"]
[Site "Aragon"]
[Date "2010.03.20"]
[Round "9.63"]
[White "Garcia Bueno Juan Pablo"]
[Black "Argueso Pascual Jorge"]
[Result "0-1"]
[WhiteElo "1855"]
[BlackElo "1997"]

1.e4 c6 2.d4 d5 3.exd5 cxd5 4.c4 Nf6 5.Nc3 Nc6 6.Nf3 Bg4 7.Be2 e6 8.c5 Be7 9.
O-O O-O 10.a3 Ne4 11.h3 Nxc3 12.bxc3 Bxf3 13.Bxf3 b6 14.cxb6 Qxb6 15.Bf4 Na5
16.Rb1 Qc6 17.Qc1 Nc4 18.Rb3 a5 19.a4 Qxa4 20.Rb7 Bd6 21.Bh6 gxh6 22.Qxh6 Qc2
23.Bh5 Qf5 24.f4 Rfb8 25.g4 Bf8 26.Qxf8+ Kxf8 27.Rxb8+ Rxb8 28.gxf5 Rb3 29.
fxe6 fxe6 30.Rc1 a4 31.Bd1 Ra3 32.Kf2 Ra2+ 33.Kf3 a3 34.Bc2 Rb2 35.Bxh7 a2 36.
Bd3 Nd2+ 0-1

[Event "Cto de Aragon  Equipos Cat Preferente"]
[Site "Aragon"]
[Date "2010.03.20"]
[Round "9.64"]
[White "Ruiz Gutierrez Jose Manuel"]
[Black "Garcia Valer Jesus V"]
[Result "0-1"]
[WhiteElo "1899"]
[BlackElo "1828"]

1.c4 e5 2.Nc3 Nc6 3.g3 g6 4.Bg2 Bg7 5.e3 d6 6.Nge2 f5 7.O-O Nf6 8.d4 O-O 9.Rb1
a5 10.a3 h6 11.b4 axb4 12.axb4 g5 13.Qc2 Qe8 14.Nd5 Qd8 15.b5 Ne7 16.dxe5
Nfxd5 17.exd6 Qxd6 18.cxd5 f4 19.Nd4 Bxd4 20.exd4 f3 21.Bh1 Bf5 22.Qb3 Bxb1
23.Qxb1 Nxd5 24.Qb3 g4 25.Bxh6 Rf7 26.Bg5 Ra3 27.Qc2 Nc3 28.Re1 Ne2+ 29.Kf1
Qxd4 30.Rd1 Qxd1+ 31.Qxd1 Rd7 32.Qb1 Rad3 33.Ke1 Nc3 34.Bd2 Nxb1 0-1

[Event "Cto de Aragon  Equipos Cat Preferente"]
[Site "Aragon"]
[Date "2010.03.27"]
[Round "10.1"]
[White "Valles Mata David"]
[Black "Llanes Luno Ricardo"]
[Result "0-1"]
[WhiteElo "2150"]
[BlackElo "2224"]

1.e4 c5 2.Nf3 e6 3.d4 cxd4 4.Nxd4 Nc6 5.Nc3 a6 6.Nxc6 bxc6 7.Bd3 Qc7 8.O-O Nf6
9.Re1 e5 10.Bg5 Be7 11.Bc4 Rb8 12.Bb3 O-O 13.Qd3 d6 14.Rad1 Ne8 15.Bxe7 Qxe7
16.Rd2 Kh8 17.Nd1 f5 18.exf5 Bxf5 19.Qxa6 Qg5 20.f4 exf4 21.Qxc6 Nf6 22.Rxd6
Qh4 23.Rf1 Be4 24.Qc4 $4 (24.Qc3 Ng4 (24...Bxg2 25.Kxg2 Ne4 26.Qd3 f3+ 27.Rxf3
Rxf3 28.Qxf3 Nxd6) 25.Qh3) 24...Ng4 25.Rf2 Qxh2+ 26.Kf1 Nxf2 (26...Ne3+ 27.
Nxe3 fxe3 28.Rxf8+ Rxf8+ 29.Ke2 Qxd6) 27.Nxf2 Qxg2+ 28.Ke1 Rbe8 29.Re6 Bg6 30.
Qf1 Qxf1+ 31.Kxf1 Rxe6 32.Bxe6 Bxc2 33.Bd5 g5 34.Ng4 h5 35.Nh2 g4 36.b4 Kg7
0-1

[Event "Cto de Aragon  Equipos Cat Preferente"]
[Site "Aragon"]
[Date "2010.03.27"]
[Round "10.2"]
[White "Lamas Mercadal Manuel"]
[Black "Solano Lasierra Javier"]
[Result "1/2-1/2"]
[WhiteElo "2211"]
[BlackElo "2142"]

1.e4 e6 2.d3 d5 3.Nd2 c5 4.Ngf3 Nc6 5.g3 Nf6 6.Bg2 Be7 7.O-O Qc7 8.Re1 b6 9.a3
Bb7 10.c3 Rc8 11.Nf1 b5 12.e5 Nd7 13.d4 a5 14.Ng5 cxd4 15.cxd4 h6 16.Nh3 Qb6
17.Be3 O-O 18.Nf4 Bg5 19.Nh5 Bxe3 20.fxe3 Ne7 21.Bh3 b4 22.Nd2 Ba6 23.Nf3 Ng6
24.Nh4 Nxh4 25.gxh4 Kh7 26.Kh1 bxa3 27.bxa3 Qb2 28.Qb1+ Rc2 29.Rc1 Qxb1 30.
Raxb1 Rfc8 31.Rxc2 Rxc2 32.Nf4 g5 (32...Rc3 33.Nxd5 Rxa3 34.Nf4 a4) 33.hxg5
hxg5 34.Nxd5 (34.Nxe6 fxe6 35.Bxe6 Rc7 36.Bxd5) 34...Bd3 35.Nf6+ $2 Nxf6 36.
exf6 Be4+ (36...Kg6 37.Rd1 Be4+ 38.Kg1 Kxf6) 37.Kg1 Rxh2 38.Kxh2 Bxb1 39.Kg3
Kg6 40.Bf1 Kxf6 41.Bc4 Be4 42.Bb5 e5 43.dxe5+ Kxe5 44.Kg4 f6 45.Kg3 f5 46.Kf2
Kd5 (46...f4 47.exf4+ Kxf4 48.Bd7 Bf5 49.Bc6 g4) 47.Ke1 Ke5 48.Ba6 g4 49.Kf2
f4 50.exf4+ Kxf4 51.Bf1 Bd5 52.Be2 g3+ 53.Ke1 g2 54.Kf2 Ke5 55.Bb5 Kd4 56.Bd7
Kc3 57.a4 Kb4 58.Bb5 Bb3 59.Kxg2 Bxa4 60.Be2 Kc3 $4 (60...Bb3 61.Kf3 a4 62.Bd3
a3 63.Bb1 Kc3) 61.Kf2 Bc6 62.Bd1 Bd5 63.Ba4 Bb3 64.Bd7 Kb4 65.Ke3 Ba4 66.Bxa4
Kxa4 67.Kd2 Kb3 68.Kc1 1/2-1/2

[Event "Cto de Aragon  Equipos Cat Preferente"]
[Site "Aragon"]
[Date "2010.03.27"]
[Round "10.3"]
[White "Felez Casedas Carlos"]
[Black "Naya Sancho Jose Ignacio"]
[Result "1/2-1/2"]
[WhiteElo "1997"]
[BlackElo "2069"]

1.e4 e6 2.Qe2 c5 3.Nf3 Nc6 4.g3 g6 5.Bg2 Bg7 6.O-O Nge7 7.c3 O-O 8.d3 d5 9.
Nbd2 Qc7 10.exd5 Nxd5 11.Nb3 b6 12.d4 cxd4 13.Nbxd4 Nxd4 14.Nxd4 Bb7 15.Nb5
Qe7 16.Rd1 Rfd8 17.c4 Nf6 18.Bf4 Bxg2 19.Kxg2 Qb7+ 20.Kg1 Ne8 21.Be5 a6 22.
Bxg7 Kxg7 23.Nc3 Nf6 24.Qe5 Qf3 25.Rd4 Qf5 26.Qxf5 gxf5 27.Rad1 Rxd4 28.Rxd4
Rc8 29.Rd6 Rxc4 30.Rxb6 a5 31.Rb5 Rb4 32.Rxb4 axb4 33.Nb5 Ne4 34.a3 bxa3 35.
bxa3 Kf6 36.f3 Nc5 37.Kf2 Ke5 38.Ke3 Kd5 39.f4 f6 40.Nc7+ Kd6 41.Ne8+ Ke7 42.
Nc7 Kd6 43.Ne8+ Ke7 44.Nc7 Kd7 45.Nb5 e5 46.fxe5 fxe5 47.Nc3 Kc6 48.a4 Nb3 49.
Nb5 Kb6 $2 (49...h6 50.Na7+ Kd5 51.Nc8 Na5 52.Nb6+) 50.Nd6 Nd4 51.Nc4+ Kc5 52.
Nxe5 Ne6 53.Nd3+ $6 (53.Nd7+ Kb4 54.Nf6 Kxa4 55.Nxh7) 53...Kc4 54.Nf4 Nc5 55.
a5 (55.Nh5 Nxa4 56.Nf6 Nc5 57.Kf4 h6 58.Kxf5 Kd4) 55...Kb5 56.Nd5 Kxa5 57.Kf4
Kb5 58.Kxf5 Kc6 59.Nf6 Kd6 60.Ne4+ (60.Nxh7 { y segun los módulos de análisis se gana solo +5!!})
60...Nxe4 61.Kxe4 Ke6 62.g4 Kf6 63.h4 Kg6 64.Ke5 Kh6 65.Kf5 Kg7 66.Kg5 Kg8 67.
Kf6 $2 (67.Kh6 $1 Kh8 68.g5 Kg8 69.h5 Kh8 70.g6 hxg6 71.hxg6 Kg8 72.g7 { y el mate con la Dama y Rey se supone que lo sabemos dar})
67...Kf8 68.h5 Kg8 69.g5 Kf8 70.Ke6 Kg8 71.Kf6 Kf8 72.g6 Kg8 73.g7 h6 74.Kg6
1/2-1/2

[Event "Cto de Aragon  Equipos Cat Preferente"]
[Site "Aragon"]
[Date "2010.03.27"]
[Round "10.4"]
[White "Roche Simon Miguel Angel"]
[Black "Puertolas Serena Arturo"]
[Result "1-0"]
[WhiteElo "2052"]
[BlackElo "1989"]

1.e4 c6 2.d4 d5 3.Nc3 dxe4 4.Nxe4 Bf5 5.Ng3 Bg6 6.h4 h6 7.f4 e6 8.Nf3 Nd7 9.h5
Bh7 10.Bd3 Bxd3 11.Qxd3 Qc7 12.Bd2 Ngf6 13.Qe2 O-O-O 14.O-O-O Bd6 15.Ne5 Rhf8
16.Ne4 Nxe4 17.Qxe4 c5 18.Nxd7 Rxd7 19.dxc5 Qxc5 20.Be3 Qa5 21.Kb1 Rfd8 22.Rd3
Be7 23.Rxd7 Rxd7 24.g4 Bf6 25.a3 Qb5 26.Bc1 Be7 27.Qe3 Kb8 28.Re1 Bf6 29.g5
Bd4 30.Qe4 hxg5 $2 (30...Bc3 31.Re3 Bd2 32.Bxd2 Rxd2) 31.fxg5 Qd5 32.Qh7 (32.
h6 Qxe4 33.Rxe4 gxh6 34.gxh6 Kc7 35.h7 Bh8 36.Rc4+ Kd8 37.Rg4 Ke7 38.Rg8 Rd8
39.Be3) 32...a6 33.h6 gxh6 34.gxh6 Qh5 35.Qe4 Rd8 36.h7 f5 37.Qh1 (37.Rh1 fxe4
38.Rxh5 Kc7 39.Bg5 Rh8 40.Rh4) 37...Qxh1 38.Rxh1 Rh8 39.c3 Bg7 40.Kc2 Kc7 41.
Bh6 Bf6 42.Be3 Kd7 43.c4 Ke7 44.b4 e5 45.b5 axb5 46.cxb5 Ke6 47.a4 Kd5 (47...
f4 48.Bb6 Kf5 49.a5 Rc8+ 50.Kd2 e4) 48.a5 Kc4 49.b6 f4 50.Bd2 Kd5 51.Rh5 Rc8+
52.Kd3 Ke6 53.Ke4 Rc4+ 54.Kd3 Rd4+ 55.Ke2 Rd8 56.Bc3 Rh8 57.Kd3 Kd5 $2 58.Bd2
(58.a6 $1 bxa6 59.b7 Kc6 60.b8=Q Rxb8 61.Rh6 Kd5 62.Rxf6) 58...Bg7 (58...Rd8
59.Be1 Bh8) 59.Bxf4 Rc8 60.Bd2 Rd8 61.Bh6 Bh8 62.Rg5 $2 Ke6+ $4 (62...Kc6+ 63.
Ke4 Rd7) 63.Ke3 Kf7 64.Rg2 Rc8 65.Ke4 Rc4+ 66.Kf5 Rc6 67.Be3 Rf6+ 68.Ke4 Rg6
69.Rxg6 Kxg6 70.a6 1-0

[Event "Cto de Aragon  Equipos Cat Preferente"]
[Site "Aragon"]
[Date "2010.03.27"]
[Round "10.5"]
[White "Adla Diego Gustavo"]
[Black "Guzman Moneo Alberto"]
[Result "1-0"]
[WhiteElo "2506"]
[BlackElo "2215"]

1.Nf3 g6 2.d4 Bg7 3.c4 d6 4.Nc3 Bg4 5.e3 c5 6.Be2 cxd4 7.exd4 Nc6 8.d5 Bxf3 9.
Bxf3 Nd4 10.Be4 Rc8 11.Bd3 a6 12.O-O e5 13.dxe6 fxe6 14.Ne2 Nxe2+ 15.Qxe2 Qd7
16.Re1 e5 17.Bg5 Ne7 18.Bxe7 Qxe7 19.Rad1 O-O 20.Be4 Rf6 21.Rd3 Rcf8 22.f3 Qc7
23.Kh1 a5 24.Red1 b6 25.g3 Bh6 26.Rd5 Rc8 27.Rb5 Kh8 28.Bd5 Rb8 29.a3 Bf8 30.
b4 axb4 31.axb4 Bg7 32.Rd2 Bf8 33.Ra2 Bh6 34.Kg2 Rff8 35.Ra6 Qd8 36.Qf2 Qg5
37.Rbxb6 Rxb6 38.Rxb6 Qc1 39.Rxd6 Be3 40.Qe2 Qg1+ 41.Kh3 Rf5 42.g4 Rf4 43.Be4
Bd4 44.c5 g5 45.Rd7 Kg8 46.Qa2+ 1-0

[Event "Cto de Aragon  Equipos Cat Preferente"]
[Site "Aragon"]
[Date "2010.03.27"]
[Round "10.6"]
[White "Navarro Alonso Jorge Luis"]
[Black "Glavina Rossi Pablo"]
[Result "1/2-1/2"]
[WhiteElo "2204"]
[BlackElo "2478"]

1.e4 e5 2.Nf3 Nc6 3.Bb5 a6 4.Ba4 Nf6 5.O-O Bc5 6.c3 b5 7.Bb3 d6 8.a4 Bg4 9.
axb5 axb5 10.Rxa8 Qxa8 11.d3 O-O 12.h3 Bxf3 13.Qxf3 Qa1 14.Bg5 Qxb2 15.Bxf6
gxf6 16.Qxf6 Qxb3 17.Qg5+ 1/2-1/2

[Event "Cto de Aragon  Equipos Cat Preferente"]
[Site "Aragon"]
[Date "2010.03.27"]
[Round "10.7"]
[White "Lopez Gracia Fernando"]
[Black "Cerrajeria Ruiz Jesus Maria"]
[Result "1-0"]
[WhiteElo "2303"]
[BlackElo "2100"]

1.e4 c5 2.Nf3 d6 3.d4 Nf6 4.Nc3 cxd4 5.Nxd4 a6 6.Be3 e5 7.Nb3 Be6 8.Qd2 Ng4 9.
Bg5 Be7 10.Bxe7 Kxe7 11.h3 Nf6 12.O-O-O b5 13.f4 Qc7 14.g4 exf4 15.Qxf4 Rc8
16.Rh2 Nc6 17.Nd4 Nxd4 18.Rxd4 Qc5 19.Rhd2 Qe5 20.Qe3 Rc6 21.Be2 h6 22.Qd3
Rac8 23.Nd5+ Bxd5 24.exd5 Rc4 25.Bf3 Qg5 26.Kb1 Nd7 27.Be2 Ne5 28.Qg3 Rxd4 29.
Rxd4 Rc5 30.a4 f5 31.axb5 axb5 32.Qa3 f4 33.Qa7+ Kf6 34.h4 Qxh4 35.Rxf4+ Kg5
36.Qe7+ Kxf4 37.Qxh4 Rxd5 38.Qh2+ Ke3 39.Qg3+ Kd2 40.Qf4+ Ke1 41.Qf1+ Kd2 42.
Qd1+ 1-0

[Event "Cto de Aragon  Equipos Cat Preferente"]
[Site "Aragon"]
[Date "2010.03.27"]
[Round "10.8"]
[White "Montes Santos Lorenzo"]
[Black "Moreno Gracia Daniel"]
[Result "0-1"]
[WhiteElo "2069"]
[BlackElo "2246"]

1.Nf3 d5 2.c4 e6 3.g3 dxc4 4.Qa4+ Nd7 5.Bg2 a6 6.Qxc4 b5 7.Qc6 Rb8 8.d4 Bb7 9.
Qc2 Ngf6 10.O-O c5 11.dxc5 Bxc5 12.Nc3 O-O 13.Ng5 Bxg2 14.Kxg2 Rc8 15.Qb3 Qb6
16.Nf3 h6 17.Bf4 Rfe8 18.Rad1 Qa7 19.Bd6 e5 20.Bxc5 Nxc5 21.Qb4 Qb7 22.Kg1 e4
23.Nd4 Ne6 24.Nf5 Rc4 25.Qd6 Rc5 26.Nd4 Rd8 27.Nxe6 Rxd6 28.Nxc5 Qc6 29.Rxd6
Qxd6 30.Nb3 b4 31.Rd1 Qe6 32.Na4 Qh3 33.f3 h5 34.Nac5 exf3 35.exf3 h4 36.gxh4
Qxf3 37.Rd3 Qe2 38.Rd2 Qe3+ 39.Kg2 a5 40.Rd3 Qe2+ 41.Kg1 Ng4 0-1

[Event "Cto de Aragon  Equipos Cat Preferente"]
[Site "Aragon"]
[Date "2010.03.27"]
[Round "10.9"]
[White "Gomez Anadon Daniel"]
[Black "Garza Marco Sergio"]
[Result "0-1"]
[WhiteElo "2256"]
[BlackElo "2418"]

1.c4 e5 2.Nc3 Nc6 3.g3 g6 4.Bg2 Bg7 5.d3 f5 6.e3 Nf6 7.Nge2 O-O 8.O-O Ne7 9.b3
c6 10.Ba3 d6 11.Qd2 Re8 12.f4 Be6 13.c5 dxc5 14.fxe5 Nfd5 15.Bxc5 Bxe5 16.Bd4
Qd6 17.Rae1 Rad8 18.Na4 Bxd4 19.Nxd4 Bc8 20.Nf3 Nf6 21.Nb2 c5 22.Qc2 Nc6 23.
Qc4+ Be6 24.Qh4 Kg7 25.e4 fxe4 26.dxe4 Bg8 27.Rd1 Qe7 28.Rxd8 Rxd8 29.Re1 Ne5
30.Qf4 Nfg4 31.Nxe5 Nxe5 32.Rd1 Rxd1+ 33.Nxd1 b5 34.Nc3 c4 35.Qe3 b4 36.Nd5
Bxd5 37.exd5 c3 38.Be4 Qc7 39.Qd4 Qb6 40.Qxb6 axb6 41.Kf2 Ng4+ 42.Ke2 Nxh2 0-1